LEADER 01685nam 2200397 n 450 001 996392898903316 005 20200824121626.0 035 $a(CKB)4940000000112567 035 $a(EEBO)2240943266 035 $a(UnM)99872347e 035 $a(UnM)99872347 035 $a(EXLCZ)994940000000112567 100 $a19850525d1647 uy | 101 0 $aeng 135 $aurbn||||a|bb| 200 14$aThe authours, nature, and danger of hæresie$b[electronic resource] $eLaid open in a sermon preached before the Honorable House of Commons at Margarets Westminster, upon Wednesday the tenth of March, 1646. being set apart as a solemne day of publike humiliation to seeke Gods assistance for the suppressing and preventing of the growth and spreading of errours, heresies, and blasphemies. /$fBy Richard Vines. Printed by order of the House of Commons 210 $aLondon, $cPrinted by W. Wilson for Abel Roper, and are to be sold at his shop at the Sun over against Dunstans Church in Fleetstreet.$d1647 215 $a[4], 70, [2] p 300 $aOrder to print on verso of final leaf. 300 $aReproduction of the original in the British Library. 330 $aeebo-0018 606 $aSermons, English$y17th century 606 $aHeresy$vEarly works to 1800 606 $aFast-day sermons$y17th century 615 0$aSermons, English 615 0$aHeresy 615 0$aFast-day sermons 700 $aVines$b Richard$f1600?-1656.$01001686 801 0$bCu-RivES 801 1$bCu-RivES 801 2$bCStRLIN 801 2$bWaOLN 906 $aBOOK 912 $a996392898903316 996 $aThe authours, nature, and danger of hæresie$92357251 997 $aUNISA LEADER 06684oam 2200745 c 450 001 996308789403316 005 20220221094418.0 010 $a3-8394-3712-1 024 7 $a10.14361/9783839437124 035 $a(CKB)3710000001041882 035 $a(MiAaPQ)EBC4819189 035 $a(DE-B1597)477814 035 $a(OCoLC)1002243378 035 $a(OCoLC)1004875314 035 $a(OCoLC)1011468800 035 $a(OCoLC)978563888 035 $a(OCoLC)979956908 035 $a(OCoLC)999369242 035 $a(DE-B1597)9783839437124 035 $a(MiAaPQ)EBC6695115 035 $a(Au-PeEL)EBL6695115 035 $a(ScCtBLL)843facff-9be2-45b6-aa39-c8934f5b92fe 035 $a(transcript Verlag)9783839437124 035 $a(EXLCZ)993710000001041882 100 $a20220221d2017 uy 0 101 0 $ager 135 $aurcnu|||||||| 181 $2rdacontent 182 $2rdamedia 183 $2rdacarrier 200 10$aRechtspopulismus und Hegemonie$eDer Aufstieg der SVP und die diskursive Transformation der politischen Schweiz$fMarius Hildebrand 205 $a1st ed. 210 $aBielefeld$ctranscript Verlag$d2017 215 $a1 online resource (399 pages) 225 0 $aKultur und Kollektiv$v4 311 $a3-8376-3712-3 320 $aIncludes bibliographical references. 327 $aFrontmatter 1 Editorial 2 Inhalt 5 Prolog: Der Anti-Populismus-Reflex oder die wissenschaftliche Konstitution eines ungeliebten Forschungsgegenstandes 11 Einleitung 19 1. Das ,Volk' als imagina?re und reale Identita?t 47 2. Populismusforschung als Parteienforschung: der Gelegenheitsstrukturansatz 51 3. Konzeptuelle Vorbemerkungen: Identita?t und Hegemonie 63 4. Antagonistische Ordnungen. Ernesto Laclaus und Chantal Mouffes poststrukturalistische Diskurstheorie des Sozialen 73 5. Populismus als politisches Pha?nom en par excellen c e 115 6. Fu?r eine Hegemonieanalyse rechtspopulistischer Diskurse 127 1. Operationalisierung und Untersuchungsmaterial 137 1. No Country for Populist Leaders? 151 2. Blochers ,Neue Mitte' und die Radikalisierung des Zu?rcher Flu?gels: Von der klientelistischen Bauern- und Gewerbepartei zur neukonservativen Catch-All-Partei 167 3. Zwischenbilanz und Vorausblick: Von der subkulturellen Enklave zum nationalpopularen politischen Projekt 193 4. Der populare Bruch: Der Konflikt um die europa?ische Integration und die Konstruktion eines nationalpopularen Neoliberalismus 197 5. Die Heydays des SVP-Populismus und die rechtspopulistische Hegemonisierung des nationalpopularen Imagina?ren 241 6. Gegenhegemonien: Swissness oder Sonderfall. Post-politische Restauration der multikulturellen Schweiz oder linkspopulistische Gegenhegemonie 285 7. ,Blocherismus' 291 8. Der Minarett-Streit. Der SVP-Populismus zwischen Zersplitterung und Hegemonisierung des demokratischen Imagina?ren 311 1. Die Kontinuita?t des SVP-Populismus und die Externalisierung innerer Grenzen 337 2. Popular-demokratischer oder autorita?rer Populismus. Das ethische Moment der politischen Ontologie und die Grenzen d es Formalismus 347 Bibliographie 353 Danksagung 397 330 $aDie Schweizerische Volkspartei ist binnen 25 Jahren von einer braven Klientelpartei zum politischen Taktgeber avanciert. Sie ist nicht nur die sta?rkste politische Kraft des Landes, sondern auch ein Vorbild des europa?ischen Rechtspopulismus. Marius Hildebrand beleuchtet die Karriere der SVP mithilfe der formalen Populismustheorie Ernesto Laclaus. Im Unterschied zu sozialstrukturellen und ideologiekritischen Analysen, die den Populismus als Anomalie perspektivieren, wird er hier als Effekt einer diskursiven Transformation der politischen Schweiz betrachtet. 330 1 $a»Eine interessante Erga?nzung zu den meisten Arbeiten zum Populismus, indem es [das Buch] jene ?Willens- und Identita?tsbildungsprozesse, die Populismusforscher/innen in der Regel voraussetzen, untersucht. Wa?hrend Letztere jeweils lediglich kurz darauf verweisen, dass die Termini ?Volk? und ?Elite? ganz unterschiedliche Bedeutungen haben ko?nnen, zeigt dieses Buch detailliert anhand der Schweizerischen Volkspartei auf, wie diese beiden Begriffe und der fu?r den Populismus zentrale Antagonismus zwischen ihnen diskursiv konstruiert werden.« Edward Weber, Swiss Political Review, 23/3 (2017) »Das Buch [bietet] einen u?berzeugenden U?berblick u?ber die populistische Erfolgsgeschichte SVP und vertritt selbstbewusst die These, dass einfache Versuche der dauerhaften Ausgrenzung solcher politischen Bewegungen erstens wahrscheinlich wirkungslos sind und zweitens nicht unbedingt zur Sta?rkung der Demokratie beitragen.« Max Lu?ggert, Portal fu?r Politikwissenschaft, 25.04.2017 »Eine exzellente Analyse des Aufstiegs der Schweizer Volkspartei zu einer der sta?rksten politischen Kra?fte des Landes.« Marian Pradella, www.socialnet.de, 01.03.2017 410 0$aKultur und Kollektiv ;$vBand 4. 606 $aPopulismus; SVP; Schweiz; Hegemonie; Ernesto Laclau; Rechtspopulismus; Populismustheorie; Diskursive Transformation; Kulturrassismus; Politik; Politische Parteien; Politische Soziologie; Politische Ideologien; Politikwissenschaft; Populism; Switzerland; Hegemony; Right-wing-populism; Theory of Populism; Discursive Transformation; Cultural Racism; Politics; Political Parties; Political Sociology; Political Ideologies; Political Science; 607 $aSwitzerland$xPolitics and government$y1945- 610 $aCultural Racism. 610 $aDiscursive Transformation. 610 $aErnesto Laclau. 610 $aHegemony. 610 $aPolitical Ideologies. 610 $aPolitical Parties. 610 $aPolitical Science. 610 $aPolitical Sociology. 610 $aPolitics. 610 $aRight-wing-populism. 610 $aSVP. 610 $aSwitzerland. 610 $aTheory of Populism. 615 4$aPopulismus; SVP; Schweiz; Hegemonie; Ernesto Laclau; Rechtspopulismus; Populismustheorie; Diskursive Transformation; Kulturrassismus; Politik; Politische Parteien; Politische Soziologie; Politische Ideologien; Politikwissenschaft; Populism; Switzerland; Hegemony; Right-wing-populism; Theory of Populism; Discursive Transformation; Cultural Racism; Politics; Political Parties; Political Sociology; Political Ideologies; Political Science; 676 $a303.4840943 700 $aHildebrand$b Marius$4aut$0916881 801 0$bDE-B1597 801 1$bDE-B1597 906 $aBOOK 912 $a996308789403316 996 $aRechtspopulismus und Hegemonie$92055502 997 $aUNISA